Ramones Alben - Statistiken

Allgemein
  • Dieses Quiz wurde 4 mal gespielt
  • Das Durchschnittsergebnis liegt bei 3 aus 14
Antwortstatistiken
Hint Antwort % Korrekt
1976 Ramones
100%
1977 Leave Home
50%
1978 Road to Ruin
50%
1977 Rocket to Russia
50%
1993 Acid Eaters
0%
1995 Adios Amigos
0%
1986 Animal Boy
0%
1989 Brain Drain
0%
1980 End of the Century
0%
1987 Halfway to Sanity
0%
1992 Mondo BIzarro
0%
1981 Pleasant Dreams
0%
1983 Subterranean Jungle
0%
1984 Too Though to Die
0%
Keine übereinstimmenden Quizze gefunden
Verteilung der Resultate
Anzahl Personen mit jedem Resultat
Perzentil nach korrekt beantworteten Fragen
Ihre Resultats-Entwicklung
Sie haben dieses Quiz noch nicht gespielt